LIBRARY & INFORMATION CENTRE, KCAET, TAVANUR

ONLINE PUBLIC ACCESS CATALOGUE (OPAC)

Master and man athertrables end tables / (Record no. 11713)

MARC details
000 -LEADER
fixed length control field 00303cam a2200121ua 4500
041 ## - LANGUAGE CODE
Language code of text/sound track or separate title eng
082 ## - DEWEY DECIMAL CLASSIFICATION NUMBER
Classification number 823.301
Item number TOL/MA
100 ## - MAIN ENTRY--AUTHOR NAME
Personal name Tolstoy, Heo, .
245 ## - TITLE STATEMENT
Title Master and man athertrables end tables /
300 ## - PHYSICAL DESCRIPTION
Number of Pages 320 ; .

No items available.

free website counter